header

Social work practice with groups, communities, and organizations (Record no. 82660)

MARC details
000 -LEADER
fixed length control field 01415nam a2200349 a 4500
082 04 - DEWEY DECIMAL CLASSIFICATION NUMBER
Classification number 361.4
100 1# - MAIN ENTRY--AUTHOR NAME
Personal name Glisson, Charles.
245 10 - TITLE STATEMENT
Title Social work practice with groups, communities, and organizations
260 ## - PUBLICATION, DISTRIBUTION, ETC. (IMPRINT)
Place of publication Hoboken, N.J. :
Name of publisher Wiley,
Year of publication c2012.
300 ## - PHYSICAL DESCRIPTION
Number of Pages ix, 278 p. :
Other physical details ill.
650 #0 - SUBJECT ADDED ENTRY--TOPICAL TERM
Topical Term Social group work.
Topical Term Social work administration.
Topical Term Community organization.
700 1# - ADDED ENTRY--PERSONAL NAME
Personal name Dulmus, Catherine N.
Personal name Sowers, Karen M.
856 40 - ELECTRONIC LOCATION AND ACCESS
Uniform Resource Identifier http://site.ebrary.com/lib/rucke/Doc?id=10583385

No items available.

© 2026 Rongo University
Contact us: librarian | system librarian | Rongo university